Szczegóły MARC21

Woliński Park Narodowy /

003 -Nazwa inst., której nr kontr. jest w polu 001 [,]
    • @
    • Nazwa instytucji, której n kontrolny jest w polu 001
    • NUKAT
005 -DATA I CZAS OSTATNIEJ MODYFIKACJI [,]
    • @
    • pole kontrolne
    • 20241231090218.0
020 -Międzynarod. znormalizowany nr książki - ISBN [ , ]
    • a
    • Numer ISBN
    • 8385496165 Find
040 -Instytucja sporządzająca opis [ , ]
    • a
    • Instytucja, która sporządziła opis (NP)
    • GD U/DC
    • c
    • Instytucja, która sporządziła rekord (NP)
    • GD U/DC
    • d
    • Instytucja, która zmodyfikowała rekord (P)
    • GD U/DC
041 -Język dokumentu [0, ]
    • a
    • Język tekstu (P)
    • polski
    • b
    • Język streszczeń lub abstraktu (P)
    • angielski
    • b
    • Język streszczeń lub abstraktu (P)
    • niemiecki
942 -Rodzaj dokumentu [ , ]
    • c
    • Rodzaj dokumentu
    • Książka
100 -Hasło główne - nazwa osobowa [1, ]
    • a
    • Nazwa osobowa (NP)
    • Lewicki, Ireneusz.
    • 9
    • KHW
    • 66349
245 -Strefa tytułu i oznaczenia odpowiedzialności [1,0]
    • a
    • Tytuł
    • Woliński Park Narodowy / Find
    • c
    • Pozostałe elementy strefy tytułu i oznaczenia odpowiedzialności (NP)
    • tekst Ireneusz Lewicki ; zdj. Bogdan Jakuczun.
260 -Strefa adresu wydawniczego [ , ]
    • a
    • Miejsce wydania (P)
    • Warszawa :
    • b
    • Nazwa wydawcy (P)
    • Voyager,
    • c
    • Data wydania (P)
    • 1993.
300 -Strefa opisu fizycznego [ , ]
    • a
    • Określenie formy książki i/lub objętość (NP)
    • [92] s. :
    • b
    • Oznaczenie ilustracji (NP)
    • fot. ;
    • c
    • Format (NP)
    • 26 cm.
336 -Typ zawartości [ , ]
    • a
    • Termin opisujący typ zawartości
    • Tekst
    • b
    • Kod określający zawartość
    • txt
    • 2
    • Źródło (terminu i kodu)
    • rdacontent
337 -Typ mediów [ , ]
    • a
    • Tryb odtwarzania
    • Bez urządzenia pośredniczącego
    • b
    • Kod typu mediów
    • n
    • 2
    • Źródło (terminu i kodu)
    • rdamedia
338 -Typ/rodzaj nośnika [ , ]
    • a
    • Hasło opisujące typ nośnika
    • Wolumin
    • b
    • Kod typu nośnika
    • nc
    • 2
    • Źródło (terminu i kodu)
    • rdacarrier
490 -Strefa serii i książki wielotomowej - forma nie do wyszukiwania [1, ]
    • a
    • Tytuł (P)
    • Polskie Parki Narodowe Find
830 -Hasło dodatkowe serii i opisu książki wielotomowej - tytuł ujednolicony/tytuł [ ,0]
    • a
    • Tytuł ujednolicony/tytuł (NP)
    • Polskie Parki Narodowe - Voyager
    • 9
    • KHW
    • 66350
500 -Uwaga ogólna [ , ]
    • a
    • Uwaga ogólna (NP)
    • Album powstał staraniem Wolińskiego Parku Narodowego.
504 -Uwaga dot. bibliogr. załącznikowej [ , ]
    • a
    • Uwaga dot. bibliografii załącznikowej
    • Bibliogr. s. [24].
546 -Uwaga dot. języka [ , ]
    • a
    • Uwaga dot. języka
    • Streszcz. ang. i niem.
080 -Uniwersalna Klasyfikacja Dziesiętna [ , ]
    • a
    • Symbol klasyfikacji
    • 502.5
    • 2
    • Identyfikator wydania tablic
    • UDC-P058
    • 9
    • UKD
    • 4000
    • b
    • Dopowiedzenie
    • Powierzchnia Ziemi. Krajobraz. Rezerwaty. Parki krajobrazowe.
    • 4
    • UKD2
    • 7642
    • x
    • Poddział wspólny
    • (438)
    • c
    • Dopowiedzenie poddz. wspólnego
    • (Polska).
    • 4
    • UKD2
    • 27341
    • x
    • Poddział wspólny
    • (084.121)
    • c
    • Dopowiedzenie poddz. wspólnego
    • (Fotografie. Albumy fotograficzne).
651 -Hasło przedmiotowe w formie nazwy geograficznej [ ,7]
    • a
    • Nazwa geograficzna
    • Woliński Park Narodowy (Polska)
    • v
    • Określnik formalny
    • wydawnictwa ilustrowane.
    • 2
    • Źródło terminu
    • kaba
    • 9
    • KHW
    • 358851
980 -Symbol UKD [ , ]
    • a
    • UKD
    • 502.5(438)(084.121)
700 -Hasło dodatkowe - nazwa osobowa [1, ]
    • a
    • Nazwa osobowa (NP)
    • Jakuczun, Bogdan. Find
    • e
    • Określenie rodzaju współpracy
    • Fot.
    • 9
    • KHW
    • 7598
920 -ISBN [ , ]
    • a
    • ISBN
    • 83-85496-16-5 Find
Numer inwentarzowy Lokalizacja Status udost. Sygnatura Data inwentaryzacji
Ikn.1168BG1  
Ikn.1154BG1  
WF.4455BM1Przewodniki - Pomorze 031995-05-05